|
|
|
|
| LEADER |
00000nab a2200000 a 4500 |
| 001 |
vtls010724378 |
| 003 |
SK-MaSNL |
| 005 |
20260304192722.0 |
| 008 |
250709s1999 xo |||||||||||||||||slo| |
| 035 |
|
|
|a (urnnbn)urn:nbn:sk:snk:ar-a04v2g
|
| 035 |
|
|
|a (uuid)edfaf4a4-6adf-45f9-a626-9a6614b5ad6b
|
| 035 |
|
|
|a urn:nbn:sk:snk-ab3ojm
|
| 040 |
|
|
|a SNKBUCL
|b slo
|c SNKBUCL
|e AACR2
|
| 041 |
0 |
|
|a slo
|
| 044 |
|
|
|a xo
|c SK
|
| 100 |
1 |
|
|a Kováč, Gabriel,
|d 1947-
|4 aut
|9 196200
|
| 245 |
1 |
0 |
|a Produkčné choroby prežúvavcov
|b 6. Hemoglobinúria vysokoprodukčných dojníc
|c G. Kováč, A. Michna
|
| 700 |
1 |
|
|a Michna, A.
|4 aut
|9 783066
|
| 773 |
0 |
|
|t Infovet : veterinársky odborno-informačný časopis
|g Roč. 6, č. 1 (1999), s. 9-11
|
| 850 |
|
|
|a Slovenská národná knižnica
|
| 852 |
|
|
|a Slovenská národná knižnica
|
| 954 |
|
|
|a odborná, vedecká literatúra pôvodná (slovenská)
|2 lita
|
| 958 |
|
|
|a article1
|
| 958 |
|
|
|a OND
|
| 958 |
|
|
|a EUIPO
|
| 999 |
|
|
|c 3064038
|d 3065968
|